Democracy-the global perspectives : (Record no. 235)

MARC details
000 -LEADER
fixed length control field 00987cam a2200289 a 4500
001 - CONTROL NUMBER
control field 14818531
003 - CONTROL NUMBER IDENTIFIER
control field OSt
005 - DATE AND TIME OF LATEST TRANSACTION
control field 20230605093320.0
008 - FIXED-LENGTH DATA ELEMENTS--GENERAL INFORMATION
fixed length control field 070423s2004 ii a 000 0 eng
010 ## - LIBRARY OF CONGRESS CONTROL NUMBER
LC control number 2007394565
025 ## - OVERSEAS ACQUISITION NUMBER
Overseas acquisition number I-E-2007-394565; 63-90; 63-01
037 ## - SOURCE OF ACQUISITION
Source of stock number/acquisition Library of Congress -- New Delhi Overseas Office
040 ## - CATALOGING SOURCE
Original cataloging agency DLC
Transcribing agency DLC
042 ## - AUTHENTICATION CODE
Authentication code lcode
050 00 - LIBRARY OF CONGRESS CALL NUMBER
Classification number JC423
Item number .H46623 2004
082 ## - DEWEY DECIMAL CLASSIFICATION NUMBER
Classification number 321.8
Item number HEP
100 1# - MAIN ENTRY--PERSONAL NAME
Personal name Heptulla, Najma,
Dates associated with a name 1940-
240 10 - UNIFORM TITLE
Uniform title Speeches.
Form subheading Selections.
245 10 - TITLE STATEMENT
Title Democracy-the global perspectives :
Remainder of title selected statements and speeches /
Statement of responsibility, etc. Najma Heptulla.
260 ## - PUBLICATION, DISTRIBUTION, ETC. (IMPRINT)
Place of publication, distribution, etc. New Delhi :
Name of publisher, distributor, etc. Rajya Sabha :
-- IPU Council,
Date of publication, distribution, etc. 2004.
300 ## - PHYSICAL DESCRIPTION
Extent vi, 250 p. :
Other physical details col. ill. ;
Dimensions 25 cm.
520 ## - SUMMARY, ETC.
Summary, etc. Selected speeches and statements delivered between September 1999 and October 2003 in various countries.
650 #0 - SUBJECT ADDED ENTRY--TOPICAL TERM
Topical term or geographic name as entry element Democracy.
906 ## - LOCAL DATA ELEMENT F, LDF (RLIN)
a 7
b cbc
c origode
d 3
e ncip
f 20
g y-gencatlg
942 ## - ADDED ENTRY ELEMENTS (KOHA)
Source of classification or shelving scheme Dewey Decimal Classification
Koha item type Books
Holdings
Withdrawn status Lost status Source of classification or shelving scheme Damaged status Not for loan Home library Current library Date acquired Total Checkouts Full call number Barcode Date last seen Price effective from Koha item type
    Dewey Decimal Classification     Bunge Tower Library Bunge Tower Library 06/05/2023   321.8 HEP 10015220 06/05/2023 06/05/2023 Books
LIBRARY OPENING HOURS

When the Parliament is sitting: 8.00a.m - 7.00p.m or until the house adjourns
Mondays and Fridays and when the House is on Recess:  8.00a.m - 5.00p.m
Closed on Weekends and Public Holidays

Online Public Access Catalog (OPAC)
Website: http://www.parliament.go.ke
Bunge Library: https://libraryir.parliament.go.ke
Contact: library@parliament.go.ke | Tel no: (254-2)2221291 or 2848000 Ext 5043